50 Comuni più grandi della Toscana - Statistics

Statistiche generali
  • Questo quiz è stato fatto 160 volte
  • Il punteggio medio è 28 su 50
Statistiche sulle risposte
popolazione comune % Corretto
363.837 Firenze
100%
81.636 Grosseto
99%
198.034 Prato
99%
53.011 Siena
99%
96.426 Arezzo
98%
153.186 Livorno
98%
89.371 Pisa
98%
89.136 Lucca
97%
59.793 Carrara
96%
65.987 Massa
96%
89.116 Pistoia
96%
60.793 Viareggio
91%
49.003 Empoli
81%
32.443 Piombino
73%
49.147 Sesto Fiorentino
72%
29.670 Pontedera
66%
28.064 Cecina
64%
49.403 Scandicci
64%
21.180 Montecatini terme
62%
20.319 Follonica
59%
47.561 Campi Bisenzio
58%
28.191 Poggibonsi
56%
30.043 Rosignano Marittimo
53%
31.860 Camaiore
50%
44.814 Cascina
50%
27.807 San Miniato
47%
46.343 Capannori
46%
19.253 Pescia
46%
23.158 Figline e Incisa Valdarno
42%
22.808 Fucecchio
42%
21.042 Cortona
41%
26.899 Quarrata
41%
24.208 Montevarchi
39%
22.835 Pietrasanta
39%
18.130 Calenzano
36%
21.621 Colle di Val d'Elsa
36%
19.779 Lastra a Signa
35%
18.982 Signa
34%
17.960 Agliana
32%
20.821 Monsummano Terme
29%
25.071 Bagno a Ripoli
28%
20.232 Pontassieve
28%
18.323 Borgo San Lorenzo
27%
21.857 Massarosa
25%
17.293 Castelfiorentino
24%
16.485 San Giovanni Valdarno
22%
16.436 San Casciano in Val di Pesa
20%
19.107 Montemurlo
19%
16.558 Reggello
16%
30.762 San Giugliano Terme
10%
Nessun quiz corrispondente trovato
Distribuzione punteggi
Percentuale di utenti per punteggio
Percentile per numero di risposta
I tuoi punteggi nel tempo
Non hai fatto questo quiz